| 000 | 00479nam a2200181Ia 4500 | ||
|---|---|---|---|
| 005 | 20250317070343.0 | ||
| 008 | 240331s9999 xx 000 0 und d | ||
| 020 | _a1903457009 | ||
| 082 |
_a301 _bGLU _24819 |
||
| 100 | _aGlucksmann, M | ||
| 245 | 0 |
_aCottons and Casuals: _bThe Gendered Organization of Labour in Time and Space |
|
| 260 |
_aDurham, _bSociologypress _c2000 |
||
| 300 | _avi, 188 p., | ||
| 650 | _aGender | ||
| 650 | _aEconomics | ||
| 650 | _aWomen | ||
| 942 | _cL | ||
| 999 |
_c1012 _d1012 |
||